000 00454nam a22001691a 4500
082 _aM 909
_bJAM/L
100 _aJames Edgar Swain
245 _aLokanagarikatayute charitram/
_cby James Edgar Swain
250 _a3rd
260 _aThiruvananthapuram:
_bKerala Bhasha Institute,
_c1995.
300 _a1014p.
650 _aWorld Civilization
650 _aHistory World
650 _aHistory
700 _aSankarawarrior Chengannur (tr.)
942 _cBK
999 _c26077
_d26077